| 000 | 00846nas a2200277 4500 | ||
|---|---|---|---|
| 001 | BR8103476 | ||
| 003 | BR-BrBNA | ||
| 005 | 20231205084756.0 | ||
| 007 | ta | ||
| 008 | 230509b bl.|||p| |||| 00| 00por d | ||
| 040 |
_aBR-BrBNA _bpor _cBiblioteca Nacional de Agricultura |
||
| 041 | _a(Pt) | ||
| 072 | _aF10; F00 | ||
| 100 | 1 | _aCoelho, J. | |
| 245 | 1 | _aAgroclimatologia orienta os agricultores [Zona climatica; Zoneamento agricola; Rio Grande do Sul; Brasil] | |
| 650 | _aMeteorologia | ||
| 650 | _aProducao vegetal | ||
| 650 | _aZona climatica | ||
| 650 | _aZoneamento agricola | ||
| 650 | _aPlantio | ||
| 650 | _aColheita | ||
| 650 | _aRio Grande do Sul | ||
| 773 | 0 |
_tAgricultura de Hoje (Brazil) _xISSN 0100-5707 _g(Oct 1981), v. 7(75) p. 20-21 _wBR8103476 |
|
| 909 |
_a202311 _bLúcia _c55 _dLúcia Elande |
||
| 942 |
_2AGRIS _n0 _cANA |
||
| 999 |
_c107205 _d107205 |
||